000 00408nam a22001217a 4500
003 SGT
082 _a080
_bC15D
100 _aदूसरे, सत्यनारायण
245 _aकैमरे में सम्पूर्ण क्रांति - 1974
260 _bजे. पि. छायाचित्र प्रकाशन समिति
_c2015
300 _a356
942 _2ddc
_cBK
999 _c31474
_d31474